As mais belas igrejas de Portugal (Registo nº 899)
[ vista simples ]
| 000 -Etiqueta do registo | |
|---|---|
| Cabeçalho | 00706nam0a2200289 4500 |
| 005 - Identificador da versão | |
| Campo de controlo | 20240813121818.0 |
| 010 ## - Número internacional normalizado dos livros (ISBN) | |
| Número (ISBN) | 9896120897 |
| 021 ## - Número do Depósito Legal | |
| Código do país | PT |
| Número | 225304/05 |
| 035 ## - Other System Control Numbers | |
| System Control Number | 0000961 |
| System Control Number | 0000946 |
| 100 ## - Dados gerais de processamento | |
| Dados gerais de processamento | 20090623d19982006m y0pory5003 ba |
| 102 ## - Pais de publicação ou produção | |
| País de publicação | Portugal |
| 101 0# - Língua de publicação | |
| Língua do texto, banda sonora, etc. | Português |
| Língua do documento no original | Português |
| 106 ## - Campo de dados codificados: material textual | |
| Dados codificados do material textual | r |
| 105 ## - Campo de dados codificados: livros | |
| Dados codificados dos livros | a z 001yy |
| 215 ## - Descrição física | |
| Indicação específica da natureza do documento e extensão da espécie | 135 p. |
| Dimensões | cm |
| 200 1# - Titulo e menção de responsabilidade | |
| Título próprio | As mais belas igrejas de Portugal |
| Primeira menção de responsabilidade | Júlio Gil |
| Outras menções de responsabilidade | fot. Nuno Calvet |
| 225 2# - Colecção | |
| Título próprio da colecção | Património |
| 210 ## - Publicação, Distribuição, etc. | |
| Lugar da edição, distribuição, etc. | Lisboa |
| Nome do editor, distribuidor, etc. | Editorial Verbo |
| Data da publicação, distribuição, etc. | 2006 |
| 304 ## - Notas relativas a título e menção de responsabilidade | |
| Texto da nota | Tít. orig.: |
| 675 ## - Classificação Decimal Universal (CDU) | |
| Notação | 271 |
| Edição | BN |
| Língua da edição | por |
| 700 #1 - Nome de autor-pessoa física (responsabilidade principal) | |
| Número de registo de entrada de autoridade | 0001172 |
| Palavra de ordem | Gil |
| Outra parte do nome não tomada para palavra de ordem | Júlio |
| 942 ## - Elementos de entrada adicionados (Koha) | |
| Tipo de item no Koha | Livro |
| Situação do levantamento | Origin of item (home branch) (coded) | Biblioteca de empréstimo | Código de barras | Cota | Circulation type (not for loan) | Tipo de documento | Nota do exemplar | Damaged status |
|---|---|---|---|---|---|---|---|---|
| Biblioteca Escolar Eng. Nuno Mergulhão | Biblioteca Escolar Eng. Nuno Mergulhão | BENM1609 | 271 IGR | Livro | Sem mensagem | |||
| Biblioteca Escolar Eng. Nuno Mergulhão | Biblioteca Escolar Eng. Nuno Mergulhão | BENM1610 | 271 IGR | Livro | Sem mensagem | |||
| Biblioteca Escolar Eng. Nuno Mergulhão | Biblioteca Escolar Eng. Nuno Mergulhão | BENM1611 | 271 IGR | Livro | Sem mensagem | |||
| Biblioteca Escolar Eng. Nuno Mergulhão | Biblioteca Escolar Eng. Nuno Mergulhão | BENM1612 | 271 IGR | Livro | Sem mensagem |
